| 000 | 00432nam a22001577a 4500 | ||
|---|---|---|---|
| 005 | 20250221120132.0 | ||
| 008 | 250221b |||||||| |||| 00| 0 eng d | ||
| 020 | _a9781861522429 | ||
| 050 |
_aHF5686 _bINT |
||
| 245 | _aThe International handbook of financial reporting | ||
| 250 | _a2nd | ||
| 260 |
_aLondon _bInternational Thomson Business Press _cc1997 |
||
| 300 | _a422p | ||
| 710 | _aNexia International | ||
| 942 |
_2lcc _cBK _n0 |
||
| 999 |
_c4028 _d4028 |
||